L'argumentation publicitaire: rhétorique de l'éloge et de la persuasion
Gorde:
| Egile Nagusiak: | , |
|---|---|
| Formatua: | Liburua |
| Hizkuntza: | frantsesa |
| Argitaratua: |
París
Nathan
2003
|
| Saila: | Linguistique FAC
|
| Gaiak: | |
| Etiketak: |
Etiketa erantsi
Etiketarik gabe, Izan zaitez lehena erregistro honi etiketa jartzen!
|
MARC
| LEADER | 00000nam a2200000 a 4500 | ||
|---|---|---|---|
| 001 | UCL5591 | ||
| 003 | CL-VaPUC | ||
| 008 | 040312e20030000FR |||||||||||||||||fre|d | ||
| 020 | |a 2091912905 | ||
| 082 | 0 | 4 | |a 401.9 |b ADA |2 21 |
| 100 | 0 | |a Adam, Jean-Michel |e author |9 483314 | |
| 700 | 0 | |a Bonhomme, Marc |e author |9 483315 | |
| 245 | 1 | 2 | |a L'argumentation publicitaire: rhétorique de l'éloge et de la persuasion |
| 300 | |a 238 p | ||
| 942 | |c BK | ||
| 945 | |d 20040312 00:00:00 |a cmena | ||
| 260 | |a París |b Nathan |c 2003 | ||
| 650 | 0 | |a Psicolingüística |9 283371 | |
| 650 | 7 | |a PERSUASION |2 CL-VaPUC |9 333321 | |
| 650 | 0 | |a Publicidad |9 314572 | |
| 650 | 0 | |a Análisis del discurso |9 256696 | |
| 583 | |a last modification |c 20040312 00:00:00 |k Rodrigo Vera | ||
| 490 | 0 | |a Linguistique FAC | |
| 999 | |c 308100 |d 308098 | ||
| 952 | |0 0 |1 0 |4 0 |6 401_900000000000000_ADA_2003 |7 0 |8 A |9 374367 |a FDOPOS |b FDOPOS |d 2019-11-21 |i 399340K |o 401.9 ADA 2003 |p 399340K |r 2025-01-22 |w 2019-11-21 |y BK |k MLA | ||